000 00390nam a2200133Ia 4500
008 151015s9999 xx 000 0 und d
020 _a9966707670
050 _aHD3028.Y33 2010
245 _aYabs,John
250 _a_Guidelines on how to write MBA projects strategies and tactics
300 _aNairobi Lelax global 2010
650 _a_MBA projects
700 _a^d20110208 09:31:42^oanne
999 _c1275
_d1275